000 00652nam a2200217Ia 4500
003 GCL
008 140319s9999 xx 000 0 ara d
040 _aGCL /
_cGCL
082 0 4 _aد
_b050
100 1 _aكمال خلايلى
245 1 0 _aالعلم فى منظوره الجديد: ( عالم المعرفة 134 ) /
_cكمال خلايلى
700 1 _aروبرت م . انجروس
700 1 _aجورج ن . ستانسيو
490 _aعالم المعرفة
_v0
650 0 4 _aالفلسفة
650 0 4 _aالكون
650 0 4 _aالخلق
650 0 4 _aفلسفة الطبيعة
650 0 4 _aالوجود, علم
942 _2ddc
_cBK
999 _c50295
_d50295